SOCIAL PSYCHOLOGY (Record no. 50305)
[ view plain ]
| 000 -LEADER | |
|---|---|
| fixed length control field | 00384nam a22001697a 4500 |
| 003 - CONTROL NUMBER IDENTIFIER | |
| control field | OSt |
| 005 - DATE AND TIME OF LATEST TRANSACTION | |
| control field | 20240329112323.0 |
| 008 - FIXED-LENGTH DATA ELEMENTS--GENERAL INFORMATION | |
| fixed length control field | 201207b xxu||||| |||| 00| 0 eng d |
| 020 ## - INTERNATIONAL STANDARD BOOK NUMBER | |
| International Standard Book Number | 978-9332586116 |
| 040 ## - CATALOGING SOURCE | |
| Transcribing agency | IIMT UNIVERSITY |
| 100 ## - MAIN ENTRY--PERSONAL NAME | |
| Personal name | BARON , BRANS |
| 245 ## - TITLE STATEMENT | |
| Title | SOCIAL PSYCHOLOGY |
| 250 ## - EDITION STATEMENT | |
| Edition statement | 14TH |
| 260 ## - PUBLICATION, DISTRIBUTION, ETC. | |
| Place of publication, distribution, etc. | INDIA |
| Name of publisher, distributor, etc. | PEARSON |
| Date of publication, distribution, etc. | 2017 |
| 300 ## - PHYSICAL DESCRIPTION | |
| Extent | 570 |
| 942 ## - ADDED ENTRY ELEMENTS (KOHA) | |
| Source of classification or shelving scheme | |
| Koha item type | Book Bank |
| Withdrawn status | Lost status | Source of classification or shelving scheme | Damaged status | Not for loan | Home library | Current library | Date acquired | Source of acquisition | Coded location qualifier | Cost, normal purchase price | Inventory number | Total Checkouts | Full call number | Barcode | Date last seen | Date last checked out | Uniform Resource Identifier | Price effective from | Koha item type |
|---|---|---|---|---|---|---|---|---|---|---|---|---|---|---|---|---|---|---|---|
| IIMT University Central Library Meerut | IIMT University Central Library Meerut | 12/07/2020 | ARISTA PUBLISHER | ART | 729.00 | HO/IN/30,, 04-12-2020 | 2 | 302 BAR | 01-B-131526 | 12/07/2021 | 10/22/2021 | Art | 12/07/2020 | Book Bank | |||||
| IIMT University Central Library Meerut | IIMT University Central Library Meerut | 12/07/2020 | ARISTA PUBLISHER | ART | 729.00 | HO/IN/30,, 04-12-2020 | 4 | 302 BAR | 01-B-131527 | 02/19/2026 | 11/27/2024 | Art | 12/07/2020 | Book Bank |

